[Event "BEL-chT 2122"]
[Site "Belgium"]
[Date "2022.05.01"]
[Round "5.6"]
[White "Langlois Remillard, Alexis"]
[Black "Lion, Maurice"]
[Result "1-0"]
[WhiteElo "2048"]
[BlackElo "1861"]
[PlyCount "81"]
[EventDate "2021.10.24"]
[EventType "team-tourn"]
[EventRounds "11"]
[EventCountry "BEL"]
[SourceTitle "EXT 2023"]
[Source "ChessBase"]
[SourceDate "2022.10.05"]
[SourceVersion "1"]
[SourceVersionDate "2022.10.05"]
[SourceQuality "1"]
[WhiteTeam "KGSRL"]
[BlackTeam "Montigny Fontaine"]
[WhiteTeamCountry "BEL"]
[BlackTeamCountry "BEL"]

1. b3 d5 2. Bb2 Nf6 3. Nf3 Bf5 4. e3 e6 5. c4 c6 6. Be2 Bd6 7. Nc3 Nbd7 8. cxd5 exd5 9. Nh4 Bg6 10. d3 Qe7 11. Qc2 0-0 12. Nxg6 fxg6 13. 0-0 Rae8 14. a4 Qe5 15. g3 Qf5 16. a5 Ne5 17. Ra4 Nfg4 18. Bxg4 Nxg4 19. Qe2 Ne5 20. f4 Ng4 21. e4 Qh5 22. h4 Bc5+ 23. d4 b5 24. axb6 Bxb6 25. Ba3 Rf7 26. e5 Qf5 27. Nb1 Nh6 28. Nd2 Qh3 29. Qg2 Qxg2+ 30. Kxg2 Nf5 31. Rc1 Bxd4 32. Rxc6 Be3 33. Nf3 Rb7 34. Rc3 d4 35. Rd3 Reb8 36. g4 Nh6 37. Nxd4 Bxd4 38. Raxd4 Nxg4 39. Kf3 Nh6 40. e6 Nf5 41. Rd8+ 1-0

[Event "BEL-chT 2122"]
[Site "Belgium"]
[Date "2022.03.13"]
[Round "9.5"]
[White "Lion, Maurice"]
[Black "Krueger, Andre"]
[Result "1/2-1/2"]
[WhiteElo "1861"]
[BlackElo "1971"]
[PlyCount "89"]
[EventDate "2021.10.24"]
[EventType "team-tourn"]
[EventRounds "11"]
[EventCountry "BEL"]
[SourceTitle "EXT 2023"]
[Source "ChessBase"]
[SourceDate "2022.10.05"]
[SourceVersion "1"]
[SourceVersionDate "2022.10.05"]
[SourceQuality "1"]
[WhiteTeam "Montigny Fontaine"]
[BlackTeam "KSK47 Eynatten"]
[WhiteTeamCountry "BEL"]
[BlackTeamCountry "BEL"]

1. e4 c5 2. Nc3 e6 3. g3 Nc6 4. Bg2 g6 5. d3 Bg7 6. Be3 d6 7. Qd2 Rb8 8. Nge2 Nd4 9. h4 Ne7 10. h5 Qa5 11. hxg6 hxg6 12. Rxh8+ Bxh8 13. Bg5 Nec6 14. Nxd4 cxd4 15. Ne2 Qxd2+ 16. Kxd2 Bg7 17. Rh1 Bd7 18. f4 b5 19. Rh7 Kf8 20. Bh6 Bxh6 21. Rxh6 Kg7 22. Rh4 b4 23. Bh3 Rb5 24. Bg4 Ra5 25. Nc1 Nb8 26. c3 bxc3+ 27. bxc3 dxc3+ 28. Kxc3 Rc5+ 29. Kb2 e5 30. Bxd7 Nxd7 31. Rh2 f5 32. Nb3 Rc7 33. Rc2 Rxc2+ 34. Kxc2 Nf6 35. fxe5 dxe5 36. exf5 gxf5 37. Nd2 Nh5 38. Nf1 Kf6 39. Kd2 Ke6 40. Ke3 Nxg3 41. Nxg3 f4+ 42. Kf3 fxg3 43. Kxg3 Kd5 44. Kf3 Kd4 45. Ke2 1/2-1/2

[Event "BEL-chT 2122"]
[Site "Belgium"]
[Date "2022.01.30"]
[Round "6.5"]
[White "Decrop, Benjamin"]
[Black "Lion, Maurice"]
[Result "1-0"]
[WhiteElo "2136"]
[BlackElo "1861"]
[PlyCount "69"]
[EventDate "2021.10.24"]
[EventType "team-tourn"]
[EventRounds "11"]
[EventCountry "BEL"]
[SourceTitle "EXT 2023"]
[Source "ChessBase"]
[SourceDate "2022.10.05"]
[SourceVersion "1"]
[SourceVersionDate "2022.10.05"]
[SourceQuality "1"]
[WhiteTeam "Oostende"]
[BlackTeam "Montigny Fontaine"]
[WhiteTeamCountry "BEL"]
[BlackTeamCountry "BEL"]

1. e4 c6 2. Nf3 d5 3. Nc3 dxe4 4. Nxe4 Nf6 5. Qe2 Nxe4 6. Qxe4 Nd7 7. Bc4 e6 8. d4 Nf6 9. Qe2 Be7 10. 0-0 0-0 11. Bg5 Nd5 12. Bxe7 Nxe7 13. Rad1 Ng6 14. Rfe1 b5 15. Bb3 a5 16. a3 Qb6 17. Ng5 h6 18. Ne4 b4 19. a4 Nf4 20. Qf3 Nd5 21. Nc5 Nc7 22. h4 Na6 23. Re5 Nxc5 24. dxc5 Qc7 25. Rd6 Bb7 26. Qd3 Rad8 27. c4 bxc3 28. Bc2 g6 29. bxc3 Rxd6 30. cxd6 Qd8 31. Rxe6 Re8 32. Rxg6+ fxg6 33. Qxg6+ Kf8 34. Qxh6+ Kf7 35. Bb3+ 1-0

[Event "BEL-chT 1112"]
[Site "Belgium"]
[Date "2012.01.15"]
[Round "6.7"]
[White "Laurent, Bruno"]
[Black "Lion, Maurice"]
[Result "1-0"]
[WhiteElo "2372"]
[BlackElo "1736"]
[PlyCount "45"]
[EventDate "2011.10.09"]
[EventType "team-tourn"]
[EventRounds "11"]
[EventCountry "BEL"]
[SourceTitle "EXT 2013"]
[Source "ChessBase"]
[SourceDate "2012.11.22"]
[SourceVersion "1"]
[SourceVersionDate "2012.11.22"]
[SourceQuality "1"]
[WhiteTeam "Charleroi CREC"]
[BlackTeam "Fontaine"]
[WhiteTeamCountry "BEL"]
[BlackTeamCountry "BEL"]

1. e4 e6 2. d4 d5 3. Nc3 Nf6 4. e5 Nfd7 5. f4 c5 6. Nf3 Nc6 7. Be3 cxd4 8. Nxd4 Bb4 9. Nb3 a6 10. a3 Be7 11. Be2 f6 12. exf6 Nxf6 13. 0-0 0-0 14. Bf3 Nd7 15. Kh1 b5 16. Nxd5 Bb7 17. Nxe7+ Qxe7 18. Qd2 e5 19. fxe5 Ndxe5 20. Bc5 Nxf3 21. Rxf3 Qe4 22. Rxf8+ Rxf8 23. Bxf8 1-0